00425nam a2200169Ia 4500008004100000020001500041041000800056082001800064100002100082245003000103250000600133260005200139300000800191365001300199650002100212700002200233140306s9999 xx 000 0 und d a0070609438 aeng a658.8bSTA/FU aFutrell, Charles aFundamentals of marketing a8 aNew YorkbMc Graw-Hill Publishing Companyc1987 a666 bUSD.8.50 aSales management aStanton william J